| 000 | 00673nam a2200193 a 4500 | ||
|---|---|---|---|
| 005 | 20210219160205.0 | ||
| 008 | 080924s1979 mx r 000 0 spa d | ||
| 035 | _aUPN01000160517 | ||
| 049 | _aUNE | ||
| 080 | _a070.431. 2:623.44 (100)=20 ADV No.50. | ||
| 245 | 0 | 0 | _aAdvertising and public relations in the arms industries: their role in the mass media/ by Karsten Weihe...(et al.) |
| 260 |
_aParis : _bUNESCO, _c1979. |
||
| 300 | _a21 p. | ||
| 440 | 0 | _aInternational Commission for the Study of Communication Pro- | |
| 690 | _aPrensa- Agencias de publicidad | ||
| 690 | _aArmas- Impacto de la comunicacion | ||
| 700 | 1 | _aWeihe, Karsten, coaut. | |
| 905 | _aUNESCO | ||
| 999 |
_c132630 _d132630 |
||